000 00827cam a2200193 4500
001 WB3802-02
008 020116n2002 000 0 eng u
035 _a(Sirsi) u116328
245 _aJoint Contracts Tribunal news
260 _c2002
490 _aCSM
_bChartered Surveyor Monthly
_vJanuary 2002, 8(1)
520 _aJCT is to publish a revised guidance note for the Intermediate Form of Contract (available January/February) and a Home Repairs and Maintenance Contract (available February). JCT is also to finalise the brief for a JCT partnering agreement and intends to prepare a definitive contract by early 2003.
590 _aWB
650 _aGUIDANCE NOTES
650 _aINTERMEDIATE FORM OF CONTRACT
650 _aContracts
_96232
690 _aBUILDING AND CONSTRUCTION-CONTRACTS-JCT CONTRACTS
942 _n0
999 _c69293
_d69293